00901nam a2200205 i 4500001000700000003000900007005001700016008004100033080003600074100003700110245008800147260010100235300005800336600004100394710003500435852006000470942002300530999001900553952012300572187190ES-MaACL20250628050300.0170503s1984 ck cf |||| |bspa d a929 Piñeros Corpas, Joaquín1 aEspinosa Silva, Augusto.916252510aJoaquín Piñeros Corpas b: el caballero innumerable / cAugusto Espinosa Silva. aBogotá : b[Instituto Caro y Cuervo], c1984 (fImp. Patriótica del Instituto Caro y Cuervo) a149 p., [2] h. de lám., [16] p. de lám. ; c24 m.14aPiñeros Corpas, Joaquín.91625262 aInstituto Caro y Cuervo.94806 aES-MaACLcDEPO2hDonat. herederos José PratjL-31524  2udccMONOGRAFIAn0 c187190d187190 00104070aATENEOMbATENEOMcDEPO2d2017-05-03eDONl0oL-31524p1197514r2023-02-23 00:00:00w2023-02-23yMONOGRAFIA